Tabligh movement/ (Record no. 193380)
[ view plain ]
| 000 -LEADER | |
|---|---|
| fixed length control field | 00555nam a22001937a 4500 |
| 005 - DATE AND TIME OF LATEST TRANSACTION | |
| control field | 20221025163814.0 |
| 010 ## - LCCN (DPL NO) | |
| LC control number | ENG-135512 |
| 020 ## - INTERNATIONAL STANDARD BOOK NUMBER | |
| Terms of availability | 150.00 |
| International Standard Book Number | 9788185063157 |
| 035 ## - SYSTEM CONTROL NUMBER | |
| System control number | EN-119044 |
| 037 ## - SOURCE OF ACQUISITION | |
| Source of stock number/acquisition | DBAD/PUB |
| 082 ## - DEWEY DECIMAL CLASSIFICATION NUMBER | |
| Classification number | 270 |
| 100 ## - MAIN ENTRY--PERSONAL NAME | |
| Personal name | khan, maulana wahiduddin |
| 245 ## - TITLE STATEMENT | |
| Title | Tabligh movement/ |
| Statement of responsibility, etc | By maulana wahiduddin khan; translated by farida khanam |
| 260 ## - PUBLICATION, DISTRIBUTION, ETC. (IMPRINT) | |
| Place of publication, distribution, etc | New delhi |
| Name of publisher, distributor, etc | The islamic centre |
| 270 ## - ADDRESS | |
| City | New delhi |
| 300 ## - PHYSICAL DESCRIPTION | |
| Extent | 64p. |
| Dimensions | 22m(pbk) |
| 700 ## - ADDED ENTRY--PERSONAL NAME | |
| Personal name | khanam, farida |
| Relator term | translator |
| 942 ## - ADDED ENTRY ELEMENTS (KOHA) | |
| Source of classification or shelving scheme | Dewey Decimal Classification |
| Item type | English Books |
| Call number suffix | KHA |
| Classification part | 270 |
| Withdrawn status | Lost status | Not for loan | Collection code | Home library | Current library | Date acquired | Source of acquisition | Cost, normal purchase price | Full call number | Barcode | Copy number | Cost, replacement price | Koha item type |
|---|---|---|---|---|---|---|---|---|---|---|---|---|---|
| Non-fiction | Vinoba Puri | Vinoba Puri | 25/10/2022 | DBAD/PUB | 150.00 | 270 KHA | EN-119044 | 1 | 150.00 | English Books |
